NBA Players With First Names as Last Names - Statistics

General Stats
  • This quiz has been taken 15,538 times
    15,469 since last reset
  • The average score is 17 of 20
Answer Stats
First Name Answer Last Name % Correct
LeBron James Harden
100%
Chris Paul Pierce
99%
Carmelo Anthony Davis
96%
Kawhi Leonard Wilkens
96%
Tony Allen Iverson
93%
Isaiah Thomas Robinson
93%
Avery Bradley Beal
92%
DeAndre Jordan Clarkson
92%
Paul George Gervin
88%
Joakim Noah Vonleh
87%
Eric Gordon Hayward
86%
Steve Blake Griffin
85%
Tyson Chandler Parsons
84%
Ryan Kelly Olynyk
78%
Jerami Grant Hill
77%
Jason Terry Rozier
75%
Ryan Anderson Varejao
68%
Aaron Harrison Barnes
65%
Mike Scott Skiles
50%
Norris Cole Aldrich
49%
No matching quizzes found
Score Distribution
Percent of People with Each Score
Percentile by Number Answered
Your Score History
You have not taken this quiz since the last reset